Harry Potter Characters- Sudden Death - Statistics

General Stats
  • This quiz has been taken 129 times
    128 since last reset
  • The average score is 19 of 30
Answers on the Grid
Answers color-coded by a green-red scale on the quiz's grid according to % correct below.
Cedric Diggory
Dean Thomas
Peter Pettigrew
Pansy Parkinson
Gregory Goyle
Vincent Crabbe
Rita Skeeter
Aragog
Newt Scamander
Buckbeak
Tom Marvolo Riddle
Poppy Pomfrey
Seamus Finnigan
Lavender Brown
Cho Chang
Sirius Black
Remus Lupin
Kingsley Shacklebolt
Hedwig
Dobby
Peeves
Gilderoy Lockhart
Filius Flitwick
Argus Filch
Fleur Delacour
Viktor Krum
Garrick Ollivander
Crookshanks
Petunia Dursley
Lily Potter
Atticus Finch
Augustus Gloop
Rose Tyler
Samwise Gamgee
Primrose Everdeen
Gorrister
Hugo Strange
Nessarose Thropp
Marion Ravenwood
Jacob Marley
Ivan Drago
Hercule Poirot
Thomas Paine
Neville Chamberlain
Anastasia Romanov
 
Answer Stats
Answer % Correct
Dobby
73%
Gilderoy Lockhart
73%
Sirius Black
73%
Tom Marvolo Riddle
71%
Cedric Diggory
70%
Lily Potter
70%
Hedwig
69%
Remus Lupin
69%
Cho Chang
68%
Lavender Brown
68%
Peter Pettigrew
68%
Crookshanks
67%
Rita Skeeter
67%
Seamus Finnigan
67%
Petunia Dursley
65%
Filius Flitwick
64%
Fleur Delacour
64%
Viktor Krum
63%
Buckbeak
62%
Dean Thomas
62%
Vincent Crabbe
62%
Argus Filch
61%
Garrick Ollivander
60%
Kingsley Shacklebolt
60%
Aragog
58%
Gregory Goyle
58%
Pansy Parkinson
58%
Peeves
57%
Newt Scamander
56%
Poppy Pomfrey
55%
No matching quizzes found
Score Distribution
Percent of People with Each Score
Percentile by Number Answered
Your Score History
You have not taken this quiz since the last reset